Capitals of Europe in 1444 - Statistics

General Stats
  • This quiz has been taken 464 times
    458 since last reset
  • The average score is 82 of 177
Answer Stats
Country City % Correct
Aachen Aachen
90%
Athens Athens
86%
Bar Bar
86%
Austria Vienna
85%
Byzantium Constantinople
81%
Bavaria-Munich Munich
81%
France Paris
81%
Frankfurt Frankfurt am Main
80%
England London
80%
Muscovy Moscow
79%
Livonian Order | Riga Riga
78%
Brandenburg Berlin
77%
Andorra Andorra la Vella
76%
Hungary Buda
76%
Geneva Geneva
76%
Genoa Genoa
76%
Milan Milan
76%
Bohemia Prague
76%
Papal States Rome
76%
Masovia-Warsaw Warsaw
76%
Basel Basel
75%
Bremen Bremen
75%
Denmark Copenhagen
75%
Hamburg Hamburg
75%
Portugal Lisbon
75%
Florence Florence
74%
San Marino San Marino
74%
Ancona Ancona
73%
Aragon Barcelona
73%
Bologna Bologna
73%
Monaco Monaco
73%
Orleans Orleans
73%
Norway Oslo
73%
Sweden Stockholm
73%
Naples Naples
72%
Lübeck Lübeck
71%
Münster Münster
71%
Venice Venice
71%
Bavaria-Ingolstadt Ingolstadt
70%
Liège Liège
70%
Mainz Mainz
70%
Salzburg Salzburg
70%
Strasbourg Strasbourg
70%
Dortmund Dortmund
69%
Granada Granada
69%
Lucca Lucca
69%
Pskov Pskov
69%
Ulm Ulm
69%
Bamberg Bamberg
68%
Bavaria-Landshut Landshut
68%
Magdeburg Magdeburg
68%
Novgorod Novgorod
68%
Nuremberg Nuremberg
68%
Ragusa Ragusa
68%
Rostov Rostov
68%
Ansbach Ansbach
67%
Siena Siena
67%
Trier Trier
67%
Baden Baden-Baden
66%
Kazan Kazan
66%
Poland Kraków
66%
Oldenburg Oldenburg
66%
Passau Passau
66%
Regensburg Regensburg
66%
Tver Tver
66%
Utrecht Utrecht
66%
Lüneburg Lüneburg
65%
Rothenburg Rothenburg
65%
Lithuania Vilnius
65%
Konstanz Konstanz
64%
Mantua Mantua
64%
Nassau Nassau
64%
Nevers Nevers
64%
Ryazan Ryazan
64%
Brunswick Brunswick
63%
Ferrara Ferrara
63%
Pomerania-Stettin Stettin
63%
Trent Trento
63%
Mulhouse Mulhouse
62%
Ratzeburg Ratzeburg
62%
Saluzzo Saluzzo
62%
Switzerland Zurich
62%
Głogów Głogów
61%
Opole Opole
61%
Urbino Urbino
61%
Würzburg Würzburg
61%
Cleves Cleves
60%
Naxos Naxos
60%
Orange Orange
60%
Perugia Perugia
60%
Pomerania-Wolgast Wolgast
60%
Brabant Brussels
59%
Verden Verden / Rotenburg
59%
Yaroslavl Yaroslavl
59%
Masovia-Płock Płock
58%
Bregenz Bregenz
57%
Memmingen Memmingen
57%
Sligo Sligo
57%
Goslar Goslar
56%
Saxe-Lauenburg Lauenburg
56%
Foix Foix
55%
Odoyev Odoyev
55%
Kildare Kildare
53%
Masserano Masserano
53%
Noli Noli
53%
Holland The Hague
52%
Tenda Tenda
51%
Beloozero Beloozero
49%
Cospaia Cospaia
47%
Gorizia Gorizia
47%
Senarica Senarica
47%
Brittany Nantes
44%
Württemberg Stuttgart
42%
Burgundy Dijon
39%
Holstein Kiel
37%
Ottoman Beylik Adrianople
34%
Order of St. John Rhodes
33%
Navarra Pamplona
31%
Provence Aix-en-Provence
27%
Lorraine Nancy
27%
Mecklenburg Schwerin
26%
Friesland Groningen
25%
Berg Düsseldorf
24%
Hesse Kassel
22%
Flanders Lille
20%
Shirvan Baku
18%
Teutonic Order Marienburg
18%
Cologne Bonn
17%
Golden Horde Sarai Berke
17%
Castile Burgos
16%
Anhalt Dessau
15%
Auvergne Clermont-Ferrand
14%
Albania Lezhë
14%
Dithmarschen Heide
13%
Savoy Chambéry
12%
Electoral Palatinate Heidelberg
11%
Cilli Celje
10%
Epirus Arta
9%
Wallachia Târgoviște
9%
Circassia Ubykhia
9%
Three Leagues Chur
7%
Scotland Scone
6%
Moldavia Suceava
6%
Saxony Wittenberg
6%
Montferrat Casale Monferrato
5%
Tyrconnell Donegal
5%
Armagnac Auch
4%
Bosnia Jajce
4%
Croatia Knin
4%
Bourbonnais Moulins
4%
East Frisia Aurich
3%
Serbia Smederevo
3%
Gelre Geldern
2%
Herzegovina Herceg Novi
2%
Avaria Khunzakh
2%
Theodoro Mangup
2%
Béarn Ortès
2%
Thomond Clonroad
1%
Augsburg Dillingen
1%
Crimea Eski Qirim
1%
Finale Finale Ligure
1%
Desmond Killarney
1%
Bayreuth Kulmbach
1%
Pallars Sobirà Sort
1%
Tyrone Ballydonnelly
0%
Perm Cherdyn
0%
Offaly Daingean
0%
Ulster Edenduffcarrick / Castlereagh
0%
Leinster Ferns
0%
The Isles Finlaggan
0%
Munster Kilbrittain
0%
Clanricarde Kilmaine
0%
Gazikumukh Kumukh
0%
Ormond Nenagh
0%
Nogai Saray-Jük
0%
Vogtland Weida
0%
No matching quizzes found
Score Distribution
Percent of People with Each Score
Percentile by Number Answered
Your Score History
You have not taken this quiz since the last reset